| 000 | 00728nam a2200205 i 4500 | ||
|---|---|---|---|
| 001 | 59627 | ||
| 003 | ES-MaACL | ||
| 005 | 20250808081318.0 | ||
| 007 | t| | ||
| 008 | 031030s1984 sp ||||1| spa d | ||
| 100 | 1 |
_aEntrena Cuesta, Rafael. _947311 |
|
| 245 | 1 | 0 |
_aCurso de derecho administrativo / _cRafael Entrena Cuesta. |
| 250 | _a[8ª ed.]. | ||
| 260 |
_a[Madrid] : _bTecnos, _c[1984] |
||
| 300 |
_a1 t. en 2 v. ; _c22 cm. |
||
| 505 | 8 | _aContiene: T. I, V. I: Concepto, fuentes, relación, jurídico administrativa y justicia administrativa. -- V. II: Organización administrativa | |
| 650 | 7 |
_aDerecho administrativo- _zEspaña _2 _9145992 |
|
| 852 |
_aES-MaACL _jP-179 _bR.107727 |
||
| 999 |
_c59627 _d59627 |
||